[Paczkowski, Andrzej: Revolution and counterrevolution in Poland, 1980-1989]
| Titel: | [Paczkowski, Andrzej: Revolution and counterrevolution in Poland, 1980-1989] / Jack M. Bloom |
|---|---|
| Verfasser: | |
| In: |
Journal of contemporary Central and Eastern Europe, Band 25, Heft 2 (2017), Seite 275-276 alle Artikel anzeigen |
| Veröffentlicht: | 2017 |
| Format: | Aufsatz |
| Sprache: | Englisch |
X
alg: 46906264 001A $03025:09-09-20 001B $01999:27-07-21 $t17:21:42.000 001D $03025:09-09-20 001U $0utf8 001X $00 002@ $0Oou 002C $aText $btxt $2rdacontent 002D $aComputermedien $bc $2rdamedia 002E $aOnline-Ressource $bcr $2rdacarrier 003@ $0469062649 004P $010.1080/25739638.2017.1399540 007A $0469062649 $aHEB 010@ $aeng 010E $erda 011@ $a2017 013D $#Newspapers Sections, columns, etc. Reviews $#Book reviewing $#Journaux Cahiers, chroniques, etc. Comptes rendus $#Livres Recension $#Rezension $#Buchbesprechung $#Buchrezension $#Buchkritik $74049712-4 $8Rezension [Ts1] $9085138568 021A $a[Paczkowski, Andrzej: Revolution and counterrevolution in Poland, 1980-1989] $hJack M. Bloom 028A $BVerfasser $4aut $71045567094 $8Bloom, Jack M.$Z1964- [Tp3] $9334730082 031A $d25 $e2 $h275-276 $j2017 039B $aEnthalten in $8--Obvc--. Journal of contemporary Central and Eastern Europe. - Abingdon, Ofordshire : Routlegde, Taylor & Francis Group, 2015-. - Online-Ressource. - ISSN 2573-9646 $x201700000250002725 $9426937147 039T $8--Aau--Paczkowski, Andrzej$Z1938- [Tp1]. Revolution and Counterrevolution in Poland, 1980-1989. - Rochester, NY : University of Rochester Press, 2015. - xvi, 387 Seiten. - ISBN 1-58046-536-6 $9378602241 045F $a900.9438 $eDDC23BSB 045F/01 $a900 045F/03 $g438 lok: 46906264 78 exp: 46906264 78 1 #EPN 201B/01 $009-09-20 $t13:44:53.000 201C/01 $009-09-20 201U/01 $0utf8 203@/01 $01122690274 208@/01 $a09-09-20 $be 209A/01 $a/ $f000 $x00 209A/01 $ab*p $x01 220C/01 $apgar 244Z/01 $#Generalgouvernement Polen $#Polska $#Rzeczpospolita Polska $#Polska Rzeczpospolita Ludowa $#Poland $#Pologne $#République Polonaise $#Generalne Gubernatorstwo w Polsce $#Polish People's Republic $#Polska Rzeczpospolita Polen $#PRL $#RP $#Polen Generalgouvernement $#Polska Generalgouvernement $#Besetzte Polnische Gebiete $#Besetztes Gebiet in Polen $#Okupowane Polskie Obszary $#Obszary Okupowane w Polsce $#Volksrepublik Polen $#Polska Rosyjska $#Republic Polen $#Respublika Pol'ša $#Pol'skaja Narodnaja Respublika $#République de Pologne $#Polen Links der Weichsel $#Polska po Lewej Stronie Wisły $#Lenkija $#Polija $#Gubernija Carstva Pol'skago $#Republik Polen $74046496-9 $8--Tg1--Polen $x01 $9085129801 247C/01 $82080>Marburg/Lahn, Herder-Institut, Forschungsbibliothek, Bibliographieportal $9336309341
| LEADER | 00000caa a2200000 c 4500 | ||
|---|---|---|---|
| 001 | 469062649 | ||
| 003 | DE-603 | ||
| 005 | 20210727172142.0 | ||
| 007 | cr|||||||||||| | ||
| 008 | 200909s2017 xx |||| o| u00||u|eng c | ||
| 024 | 7 | |a 10.1080/25739638.2017.1399540 |2 doi | |
| 035 | |a (DE-599)HEB469062649 | ||
| 040 | |a DE-603 |b ger |c DE-603 |d DE-603 |e rda | ||
| 041 | |a eng | ||
| 082 | 0 | 4 | |8 1\u |a 900.9438 |q DE-101 |2 23/BSB |
| 085 | |8 1\u |b 900 | ||
| 085 | |8 1\u |z 2 |s 438 | ||
| 100 | 1 | |a Bloom, Jack M. |d 1964- |e Verfasser |4 aut |0 (DE-603)334730082 |0 (DE-588)1045567094 |2 gnd | |
| 245 | 0 | 0 | |a [Paczkowski, Andrzej: Revolution and counterrevolution in Poland, 1980-1989] |c Jack M. Bloom |
| 264 | 0 | |c 2017 | |
| 336 | |a Text |b txt |2 rdacontent | ||
| 337 | |a Computermedien |b c |2 rdamedia | ||
| 338 | |a Online-Ressource |b cr |2 rdacarrier | ||
| 655 | 7 | |a Rezension |2 gnd-content |0 (DE-588)4049712-4 |0 (DE-603)085138568 | |
| 773 | 0 | 8 | |i Enthalten in |t Journal of contemporary Central and Eastern Europe |d Abingdon, Ofordshire : Routlegde, Taylor & Francis Group, 2015- |h Online-Ressource |x 2573-9646 |g Band 25, Heft 2 (2017), Seite 275-276 |w (DE-603)426937147 |w (DE-600)2922261-8 |
| 787 | 0 | 8 | |i Rezension von |a Paczkowski, Andrzej, 1938- |t Revolution and Counterrevolution in Poland, 1980-1989 |d Rochester, NY : University of Rochester Press, 2015 |h xvi, 387 Seiten, 24 cm |z 1580465366 |z 9781580465366 |w (DE-603)378602241 |
| 924 | 1 | |9 2080 |a (DE-603)1122690274 |b DE-2080 |c HES |d d |g / | |


